MARC details
| 000 -LEADER |
| fixed length control field |
00981nam a22003017a 4500 |
| 003 - CONTROL NUMBER IDENTIFIER |
| control field |
OSt |
| 005 - DATE AND TIME OF LATEST TRANSACTION |
| control field |
20220107122857.0 |
| 008 - FIXED-LENGTH DATA ELEMENTS--GENERAL INFORMATION |
| fixed length control field |
200124b xxu||||| |||| 00| 0 eng d |
| 020 ## - INTERNATIONAL STANDARD BOOK NUMBER |
| International Standard Book Number |
9780815355311 |
| 040 ## - CATALOGING SOURCE |
| Transcribing agency |
IIITMK |
| 082 ## - DEWEY DECIMAL CLASSIFICATION NUMBER |
| Classification number |
006.3 GIL/A |
| 100 ## - MAIN ENTRY--PERSONAL NAME |
| Personal name |
Gilbert, Mazin (Ed.) |
| 9 (RLIN) |
17494 |
| 245 ## - TITLE STATEMENT |
| Title |
Artificial intelligence for autonomous networks |
| Statement of responsibility, etc. |
Mazin Gilbert |
| 260 ## - PUBLICATION, DISTRIBUTION, ETC. |
| Place of publication, distribution, etc. |
Boca Raton, |
| Name of publisher, distributor, etc. |
CRC Press, |
| Date of publication, distribution, etc. |
2019. |
| 300 ## - PHYSICAL DESCRIPTION |
| Extent |
xii, 392p. |
| 440 ## - SERIES STATEMENT/ADDED ENTRY--TITLE |
| Title |
Artificial intelligence and robotics series |
| 9 (RLIN) |
17495 |
| 650 ## - SUBJECT ADDED ENTRY--TOPICAL TERM |
| Topical term or geographic name entry element |
COMPUTER SCIENCE |
| 9 (RLIN) |
17707 |
| 650 ## - SUBJECT ADDED ENTRY--TOPICAL TERM |
| Topical term or geographic name entry element |
ARTIFICIAL INTELLIGENCE |
| 9 (RLIN) |
17708 |
| 650 ## - SUBJECT ADDED ENTRY--TOPICAL TERM |
| Topical term or geographic name entry element |
COMPUTER NETWORKS |
| 9 (RLIN) |
17709 |
| 650 ## - SUBJECT ADDED ENTRY--TOPICAL TERM |
| Topical term or geographic name entry element |
MACHINE LEARNING |
| 9 (RLIN) |
17710 |
| 650 ## - SUBJECT ADDED ENTRY--TOPICAL TERM |
| Topical term or geographic name entry element |
DEEP LEARNING |
| 9 (RLIN) |
17711 |
| 650 ## - SUBJECT ADDED ENTRY--TOPICAL TERM |
| Topical term or geographic name entry element |
CYBER SECURITY |
| 9 (RLIN) |
17712 |
| 650 ## - SUBJECT ADDED ENTRY--TOPICAL TERM |
| Topical term or geographic name entry element |
BLOCKCHAIN |
| 9 (RLIN) |
17713 |
| 650 ## - SUBJECT ADDED ENTRY--TOPICAL TERM |
| Topical term or geographic name entry element |
CRYPTOGRAPHY |
| 9 (RLIN) |
17714 |
| 650 ## - SUBJECT ADDED ENTRY--TOPICAL TERM |
| Topical term or geographic name entry element |
AUTONOMOUS NETWORKS |
| 9 (RLIN) |
17715 |
| 856 ## - ELECTRONIC LOCATION AND ACCESS |
| Uniform Resource Identifier |
<a href="https://www.pdfdrive.com/artificial-intelligence-for-autonomous-networks-e189830348.html">https://www.pdfdrive.com/artificial-intelligence-for-autonomous-networks-e189830348.html</a> |
| 942 ## - ADDED ENTRY ELEMENTS (KOHA) |
| Source of classification or shelving scheme |
Dewey Decimal Classification |
| Koha item type |
Books |